| 000 | 01080nam a22002537a 4500 | ||
|---|---|---|---|
| 005 | 20170124103203.0 | ||
| 010 | _aA-974455 | ||
| 020 |
_c200.00 _a8187247061 |
||
| 035 | _aA-974455 | ||
| 037 | _bCen Lib/Ret | ||
| 040 |
_aDPL _bHN |
||
| 082 |
_a425 _bत्रिपाठी |
||
| 100 |
_aत्रिपाठी, रूपनारायण _943407 |
||
| 245 |
_aअभिनव हिन्दी व्याकरण / _cरूपनारायण त्रिपाठी |
||
| 246 |
_aAbhinav hindi vyakran / _bby Roopnarayan Tripathi |
||
| 260 |
_aजयपुर _bश्याम प्रकाशन _c1999 |
||
| 270 |
_aफिल्म कॉलोनी, चौड़ा रास्ता _bजयपुर _e302 003 |
||
| 300 |
_a202पृ. _c20सेमी(सजिल्द) |
||
| 650 |
_aहिन्दी -- भाषा _992894 |
||
| 650 |
_aहिन्दी -- व्याकरण _992895 |
||
| 650 |
_aHindi Language _99446 |
||
| 650 |
_aHindi - grammar _99482 |
||
| 942 |
_2ddc _cHN _h425 _mत्रिपाठी |
||
| 999 |
_c120837 _d120837 |
||